| 000 | 00828cam a2200253 a 4500 | ||
|---|---|---|---|
| 001 | 2978515 | ||
| 005 | 20250220203413.0 | ||
| 008 | 921006s1993 ilua 000 0 eng | ||
| 020 | _a025614124X | ||
| 020 | _a9780256141245 | ||
| 050 | 0 | 0 |
_aHD30.28 _b.C43 1993 |
| 082 | 0 | 0 |
_a658.4/012 _220 |
| 100 | 1 | _aCerto, Samuel C. | |
| 245 | 1 | 0 |
_aCases in strategic management / _cSamuel C. Certo, J. Paul Peter. |
| 250 | _a2nd ed. | ||
| 260 |
_aHomewood, IL : _bAusten Press : _bIrwin, _cc1993. |
||
| 300 |
_axiv, 823 p. : _bill. ; _c23 cm. |
||
| 500 | _aRev. ed. of: Strategic management. 1st ed. 1988. | ||
| 650 | 0 |
_aBusiness planning _zUnited States. |
|
| 650 | 0 |
_aBusiness planning _zUnited States _xCase studies. |
|
| 700 | 1 | _aPeter, J. Paul. | |
| 700 | 1 |
_aCerto, Samuel C. _tStrategic management. |
|
| 942 |
_2lcc _cBK _e2nd Ed. _n0 |
||
| 999 |
_c4006 _d4006 |
||